Loading...
| History - Other History | 3 | 3 | 0 | 2 | 75 | 37 | 78.50 | 2 | 5 |
| Social Science | 0 | 4 | 0 | 1 | 40 | 84 | 106.50 | 1 | 1 |
| Mythology | 0 | 4 | 0 | 4 | 40 | 129 | 132.75 | 0 | 0 |
| History - American History | 1 | 2 | 1 | 1 | 30 | 70 | 104.33 | 2 | 2 |
| History - World History | 1 | 2 | 1 | 0 | 30 | 45 | 89.00 | 1 | 3 |
| History - European History | 0 | 3 | 1 | 1 | 25 | 85 | 105.33 | 1 | 1 |
| Science - Biology | 1 | 1 | 0 | 0 | 25 | 68 | 71.00 | 0 | 1 |
| Literature - European Literature | 0 | 2 | 0 | 1 | 20 | 98 | 114.50 | 0 | 1 |
| Religion | 0 | 2 | 2 | 0 | 10 | 82 | 97.00 | 0 | 1 |
| Philosophy | 0 | 1 | 0 | 0 | 10 | 126 | 126.00 | 0 | 0 |
| Literature - American Literature | 0 | 1 | 0 | 0 | 10 | 107 | 107.00 | 0 | 1 |
| Science - Other Science | 0 | 1 | 0 | 0 | 10 | 98 | 98.00 | 0 | 1 |
| Science - Chemistry | 0 | 1 | 1 | 1 | 5 | 129 | 129.00 | 0 | 1 |
| Literature - British Literature | 0 | 0 | 0 | 0 | 0 | 0.00 | 0 | 0 | |
| Other Academic | 0 | 0 | 1 | 0 | -5 | 0.00 | 0 | 0 | |
| Fine Arts - Other Fine Arts | 0 | 0 | 1 | 0 | -5 | 0.00 | 0 | 0 |